000 00749nam a2200205Ii 4500
003 JO-AjNU
008 230605s9999||||xx |||||||||||||| ||und||
040 _aJO-AjNU
_bara
_erda
_cJO-AjNU
041 _aara
050 1 4 _aLB1027.5.M6412 2005
100 3 _aمورتنس،دونالد ج مؤلف/شمولر،ألن م م.مشارك,
_eauthor
_922328
245 0 0 _aالتوجيه والإرشاد بين النظريات والإجراءات
250 _aط1
264 3 1 _aالعين:دار الكتاب الجامعي،2005
300 _a212ص
336 _atext
_btxt
_2rdacontent
337 _aunmediated
_bn
_2rdamedia
338 _avolume
_bnc
_2rdacarrier
650 4 _aإرشاد تربوي. إرشاد نفسي-توجيه تربوي
_922329
999 _aA7905
_c11473
_d11473